Des beruhmten Ritters Don Quixote von Mancha (Record no. 2907)
[ view plain ]
| 000 -CABECERA | |
|---|---|
| campo de control de longitud fija | 01540nam a2200289 a 4500 |
| 001 - NÚMERO DE CONTROL | |
| campo de control | BRCA_3171 |
| 005 - FECHA Y HORA DE LA ÚLTIMA TRANSACCIÓN | |
| campo de control | 20190320204139.0 |
| 008 - DATOS DE LONGITUD FIJA--INFORMACIÓN GENERAL | |
| campo de control de longitud fija | 130209s1734----gw-#---###---#000-0#ger-u |
| 041 ## - CÓDIGO DE LENGUA | |
| Código de lengua del texto/banda sonora o título independiente | ger |
| 044 ## - CÓDIGO DEL PAÍS DE LA ENTIDAD EDITORA/PRODUCTORA | |
| Código MARC del país | gw |
| 084 ## - OTRO NÚMERO DE CLASIFICACIÓN | |
| Número de clasificación | 267 |
| Número de documento/Ítem | .F75 |
| -- | 1734 |
| 100 1# - ENTRADA PRINCIPAL--NOMBRE DE PERSONA | |
| Nombre de persona | Cervantes Saavedra, Miguel de |
| Fechas asociadas al nombre | 1547-1616 |
| 9 (RLIN) | 213 |
| 245 10 - MENCIÓN DE TÍTULO | |
| Título | Des beruhmten Ritters Don Quixote von Mancha |
| Resto del título | lustige und sinnreiche geschichte |
| Mención de responsabilidad, etc. | absgefasset von Miguel de Cervantes Saavedra. |
| 260 ## - PUBLICACIÓN, DISTRIBUCIÓN, ETC. | |
| Lugar de publicación, distribución, etc. | Leipzig |
| Nombre del editor, distribuidor, etc. | Gaspar Fritsch |
| Fecha de publicación, distribución, etc. | 1734 |
| 300 ## - DESCRIPCIÓN FÍSICA | |
| Extensión | 826 p. |
| Dimensiones | 18 cm. |
| 500 ## - NOTA GENERAL | |
| Nota general | Contenido : Primera parte. Prólogo del autor. Prefacio del traductor. Texto. Segunda parte. Texto |
| 500 ## - NOTA GENERAL | |
| Nota general | Traducción almana, anónima, hecha sobre la francesa de Filleau de Saint-Martin, pero difiere de ésta en que lleva el capítulo 74, con el cual Cervantes terminó su obra y que fue suprimido por el traductor francés, para dar entrada a su desatinada continuación. Va precedida de un prólogo, en el que el traductor hace un estudio crítico-bibliográfico del Quijote y los libros de caballería, y da noticia sobre la vida de Cervantes. La parte tipográfica es buena Lúdovik Osterc |
| 500 ## - NOTA GENERAL | |
| Nota general | QM496 |
| 546 ## - NOTA DE LENGUA/LENGUAJE | |
| Nota de lengua/lenguaje | Texto en : alemán |
| 650 14 - PUNTO DE ACCESO ADICIONAL DE MATERIA--TÉRMINO DE MATERIA | |
| Término de materia o nombre geográfico como elemento de entrada | Novela española |
| Subdivisión cronológica | Época clásica, 1500-1700 |
| 9 (RLIN) | 215 |
| 650 14 - PUNTO DE ACCESO ADICIONAL DE MATERIA--TÉRMINO DE MATERIA | |
| Término de materia o nombre geográfico como elemento de entrada | Literatura española |
| Subdivisión cronológica | Época clásica, 1500-1700 |
| 9 (RLIN) | 216 |
| 650 14 - PUNTO DE ACCESO ADICIONAL DE MATERIA--TÉRMINO DE MATERIA | |
| Término de materia o nombre geográfico como elemento de entrada | Novela española |
| Subdivisión cronológica | Siglo XVII |
| 9 (RLIN) | 217 |
| 650 14 - PUNTO DE ACCESO ADICIONAL DE MATERIA--TÉRMINO DE MATERIA | |
| Término de materia o nombre geográfico como elemento de entrada | Don Quijote (Personaje ficticio) |
| Término indicativo de función/relación | Novela |
| 9 (RLIN) | 218 |
| 740 0# - PUNTO DE ACCESO ADICIONAL--TÍTULO RELACIONADO O ANALÍTICO NO CONTROLADO | |
| Título relacionado o analítico no controlado | El Ingenioso Hidalgo Don Quijote de la Mancha |
| 902 ## - CATALOGADOR | |
| Iniciales | QFM |
| 942 ## - ELEMENTOS DE PUNTO DE ACCESO ADICIONAL (KOHA) | |
| Fuente del sistema de clasificación o colocación | Library of Congress Classification |
| Tipo de ítem Koha | Libros |
| Estado de retiro | Estado de pérdida | Estado dañado | No para préstamo | Localización permanente | Ubicación/localización actual | Fecha de adquisición | Número de inventario | Total de préstamos | Signatura topográfica completa | Código de barras | Fecha visto por última vez | Precio válido a partir de | Tipo de ítem Koha |
|---|---|---|---|---|---|---|---|---|---|---|---|---|---|
| El ejemplar forma parte de la colección y puede ser consultado según las políticas vigentes. | Biblioteca del Museo Franz Mayer (Rogerio Casas-Alatriste) | Biblioteca del Museo Franz Mayer (Rogerio Casas-Alatriste) | 13/02/2009 | QM496 | 267 .F75 1734 (QM496) | 3168 | 22/03/2019 | 22/03/2019 | Libros |